[Event "Brno Duras op-A"]
[Site "Brno"]
[Date "2014.07.06"]
[Round "9"]
[White "Dirgas, Josef"]
[Black "Kredl, Karel"]
[Result "1-0"]
[WhiteElo "2070"]
[BlackElo "2088"]
[PlyCount "61"]
[EventDate "2014.06.28"]
[EventType "swiss"]
[EventRounds "9"]
[EventCountry "CZE"]
[SourceTitle "CBM 161 Extra"]
[Source "ChessBase"]
[SourceDate "2014.08.29"]
[SourceVersion "1"]
[SourceVersionDate "2014.08.29"]
[SourceQuality "1"]

1. d4 Nf6 2. c4 g6 3. Nc3 d5 4. cxd5 Nxd5 5. e4 Nxc3 6. bxc3 Bg7 7. Bc4 0-0 8. Ne2 Nc6 9. 0-0 b6 10. Bg5 h6 11. Be3 Na5 12. Bd3 c5 13. Qd2 Kh7 14. e5 cxd4 15. cxd4 Be6 16. Nf4 Bc4 17. h4 Bxd3 18. Qxd3 h5 19. Qe4 Kg8 20. e6 f5 21. Qf3 Kh7 22. Qg3 Rf6 23. d5 Bh6 24. Bd4 Bxf4 25. Qxf4 Rf8 26. Be3 Rf6 27. Qh6+ Kg8 28. Bd4 Qf8 29. Qg5 Kh7 30. Bxf6 exf6 31. Qf4 1-0

[Event "Brno Duras op-A"]
[Site "Brno"]
[Date "2014.06.30"]
[Round "3"]
[White "Kredl, Karel"]
[Black "Kraus, Tomas"]
[Result "1/2-1/2"]
[WhiteElo "2088"]
[BlackElo "2388"]
[PlyCount "101"]
[EventDate "2014.06.28"]
[EventType "swiss"]
[EventRounds "9"]
[EventCountry "CZE"]
[SourceTitle "CBM 161 Extra"]
[Source "ChessBase"]
[SourceDate "2014.08.29"]
[SourceVersion "1"]
[SourceVersionDate "2014.08.29"]
[SourceQuality "1"]

1. e4 e5 2. Nf3 Nc6 3. Bb5 Nge7 4. c3 a6 5. Ba4 g6 6. d4 exd4 7. cxd4 b5 8. Bb3 Bg7 9. 0-0 d6 10. h3 0-0 11. Nc3 Na5 12. Bc2 c5 13. Bg5 h6 14. Bh4 g5 15. Bg3 Nc4 16. b3 Na3 17. Rc1 g4 18. hxg4 Bxg4 19. Ne2 Rc8 20. Qd2 Ng6 21. Rfd1 Qb6 22. d5 h5 23. Nh4 Nxc2 24. Rxc2 Qd8 25. Nf5 Bxf5 26. exf5 Ne5 27. Qf4 Bf6 28. Qh6 h4 29. Bxe5 Bxe5 30. Rd3 Re8 31. Rh3 Bg7 32. Qh5 Re4 33. f3 Re5 34. Rxh4 Qf6 35. Ng3 Rxd5 36. Re2 Rd1+ 37. Kh2 d5 38. Qh7+ Kf8 39. Rg4 Qh6+ 40. Qxh6 Bxh6 41. f6 Rd4 42. Kh3 Rc6 43. Rxd4 cxd4 44. Re5 Rxf6 45. Rxd5 Be3 46. Nf5 Ke8 47. Nxd4 Rh6+ 48. Kg3 Rg6+ 49. Kh3 Rh6+ 50. Kg4 Rg6+ 51. Kh3 1/2-1/2